000 00893nam a2200217Ia 4500
003 OSt
005 20210913163128.0
008 210310s1998 aw fr 000 0 spa d
040 _aCO-JMCR
_cCO-JMCR
041 0 _aspa
082 0 4 _a330.95 /
_bC733i
_223
110 2 _aComisión Económica para América Latina y el Caribe
_93019
245 1 0 _aImpacto de la crisis asiática en América Latina /
_cCepal
260 _aSantiago de Chile :
_bNaciones Unidas,
_c1998
300 _a60 páginas :
_bilustraciones y gráficas a blanco y negro ;
_c25 cm.
500 _aIncluye notas a pie de página.
505 0 _aLa crisis en el este y sudeste y asiáticos -- Efectos de la crisis asiática sobre América Latina -- Lecciones de la crisis asiática para América Latina
650 1 4 _aCrisis económica
_917664
_zAsia
651 4 _aAmérica Latina
_xPolítica económica
_936232
942 _2ddc
_cBK
999 _c8572
_d8572